Informe sobre Chile 92: todo pais en cifras
Salvato in:
| Natura: | Libro |
|---|---|
| Lingua: | spagnolo |
| Pubblicazione: |
Santiago
Gestión
1992
|
| Soggetti: | |
| Tags: |
Aggiungi Tag
Nessun Tag, puoi essere il primo ad aggiungerne!!
|
MARC
| LEADER | 00000nam a2200000 a 4500 | ||
|---|---|---|---|
| 001 | UCX5185 | ||
| 003 | CL-VaPUC | ||
| 008 | 921002e19920000CL |||||||||||||||||spa|d | ||
| 082 | 0 | 4 | |a 318.3 |b INF |2 21 |
| 245 | 1 | 0 | |a Informe sobre Chile 92: todo pais en cifras |
| 300 | |a 415 p | ||
| 942 | |c BK | ||
| 945 | |d 19921002 00:00:00 | ||
| 260 | |a Santiago |b Gestión |c 1992 | ||
| 650 | 7 | |a INDICADORES ECONOMICOS |2 CL-VaPUC |9 307122 | |
| 650 | 7 | |a INDICADORES SOCIALES |2 CL-VaPUC |9 307123 | |
| 650 | 7 | |a CONDICIONES ECONOMICAS TABLAS |2 CL-VaPUC |9 321471 | |
| 651 | 7 | |a CHILE |2 CL-VaPUC |9 321472 | |
| 583 | |a last modification |c 19921002 00:00:00 |k Rodrigo Vera | ||
| 999 | |c 225491 |d 225489 | ||
| 952 | |0 0 |1 0 |4 0 |6 318_300000000000000_INF_1992 |7 0 |8 F |9 223048 |a BIBENE |b BIBENE |d 2019-11-15 |i 2919001 |o 318.3 INF 1992 |p 2919001 |r 2025-01-15 |w 2019-11-15 |y BK_F |k ICO | ||